Smith and Thomas: a casebook on contract (Record no. 101454)

MARC details
000 -LEADER
fixed length control field 00819cam a2200241 4500
008 - FIXED-LENGTH DATA ELEMENTS--GENERAL INFORMATION
fixed length control field 000000n2000 000 0 eng u
020 ## - INTERNATIONAL STANDARD BOOK NUMBER
International Standard Book Number 0421716908
035 ## - SYSTEM CONTROL NUMBER
System control number (Sirsi) u112630
041 ## - LANGUAGE CODE
Language code of text/sound track or separate title eng.
050 ## - LIBRARY OF CONGRESS CALL NUMBER
Classification number 346.4102
100 ## - MAIN ENTRY--PERSONAL NAME
Personal name Smith, J.C.
245 ## - TITLE STATEMENT
Title Smith and Thomas: a casebook on contract
250 ## - EDITION STATEMENT
Edition statement 11th ed.
260 ## - PUBLICATION, DISTRIBUTION, ETC.
Place of publication, distribution, etc. Sweet & Maxwell
Date of publication, distribution, etc. 2000
300 ## - PHYSICAL DESCRIPTION
Extent xxxv,754p.
Dimensions 24cm.
350 ## - PRICE (NR) (BK AM CF MU VM SE) [OBSOLETE]
Price 28.95
520 ## - SUMMARY, ETC.
Summary, etc. Includes substantial extracts from leading cases as well as the relevant statutes, with notes, questions and problems. Also includes extracts from 'The Principles of European Contract Law 1998', allowing comparison of their effect with that of English law.
650 ## - SUBJECT ADDED ENTRY--TOPICAL TERM
Topical term or geographic name entry element CONTRACT LAW
650 ## - SUBJECT ADDED ENTRY--TOPICAL TERM
Topical term or geographic name entry element Contracts
9 (RLIN) 6232
650 ## - SUBJECT ADDED ENTRY--TOPICAL TERM
Topical term or geographic name entry element EUROPE LAW
690 ## - LOCAL SUBJECT ADDED ENTRY--TOPICAL TERM (OCLC, RLIN)
Topical term or geographic name as entry element LAW
942 ## - ADDED ENTRY ELEMENTS (KOHA)
Suppress in OPAC 0
Holdings
Withdrawn status Lost status Source of classification or shelving scheme Damaged status Not for loan Home library Current library Shelving location Date acquired Cost, normal purchase price Total Checkouts Full call number Barcode Date last seen Date last checked out Copy number Cost, replacement price Price effective from Koha item type
    Dewey Decimal Classification     London London Books 05/03/2002 24.61 11 346.4102 SMI 30065378 06/08/2019 27/08/2009 1 24.61 06/08/2019 Book